Top 15 Biggest UK Cities or Towns beginning with........H or I or J or K - Statistics

General Stats
  • This quiz has been taken 210 times
  • The average score is 6 of 15
Answer Stats
Hint Answer % Correct
2 Ipswich
79%
1 Kingston-upon-Hull
71%
3 Huddersfield
59%
12 Hereford
50%
9 Halifax
44%
8 Hartlepool
43%
11 Harrogate
37%
15 Kidderminster
33%
14 Kettering
29%
4 Hastings
26%
10 Harlow
22%
7 Hemel Hempstead
21%
6 Hove
14%
13 Halesowen
12%
5 High Wycombe
12%
No matching quizzes found
Score Distribution
Percent of People with Each Score
Percentile by Number Answered
Your Score History
You have not taken this quiz